| 000 | 01420nam0a22003251 4500 | ||
|---|---|---|---|
| 001 | rc\2225054 | ||
| 005 | 20260407132012.0 | ||
| 035 | _a(NLR Aleph) 006544587 | ||
| 090 |
_a6673592 _c6673592 |
||
| 100 | _a20110826d1978 |||y0rusy50 ca | ||
| 101 | 0 | _arus | |
| 102 | _aRU | ||
| 105 | _aa z ||||| | ||
| 200 | 1 |
_aСтроительство производственных зданий с применением легких несущих и ограждающих конструкций _f[И.Н. Дмитриев, И.И. Ищенко, А.Ф. Смирнов и др.] _gПод ред. И.И. Ищенко [и др.] |
|
| 210 |
_aМосква _cСтройиздат _d1978 |
||
| 215 |
_a264 с. _cил. _d20 |
||
| 300 | _aВ надзаг.: НТО строит. индустрии | ||
| 606 |
_aСтроительные конструкции промышленных зданий, облегченные _2psbo |
||
| 686 |
_aН72,07 _2rubbk |
||
| 701 | 1 |
_aИщенко _bИ.И. _gИван Иванович _4340 |
|
| 701 | 1 |
_aСмирнов _bА.Ф. |
|
| 701 | 1 |
_aДмитриев _bИ.Н. _gИван Николаевич |
|
| 712 | 0 | 2 |
_aНТО строительной индустрии СССР _3RU\NLR\AUTH\889989353 _9474210 |
| 801 | 1 |
_aRU _bELAR _2rusmarc |
|
| 801 | 0 |
_aRU _bNLR _gpsbo |
|
| 852 |
_aNLR _j78-3/9680 |
||
| 899 |
_aRuMoRGB _jБ 78-24/385 |
||
| 899 |
_aRuMoRGB _jБ 78-24/386 |
||
| 942 | _cBOOK | ||
| 980 | _aNB | ||